| 000 | 00586nam a2200217Ia 4500 | ||
|---|---|---|---|
| 005 | 20260704175957.0 | ||
| 008 | 260704s9999||||xx |||||||||||||| ||und|| | ||
| 020 |
_a9780061116711 _qpbk |
||
| 082 |
_a204.4 _bMOU |
||
| 100 | _aMountain Dreamer, Oriah | ||
| 245 | 4 | _aThe invitation | |
| 260 |
_aNew York _bHarperOne an imprint of HarperCollins Publishers _c2006 |
||
| 300 | _a153p. ; 19cm. | ||
| 653 | _aConduct of life | ||
| 653 | _aInspiration | ||
| 653 | _aMeditations | ||
| 653 | _aSelf-realization | ||
| 653 | _aSelf-realization | ||
| 653 | _aSpiritual life | ||
| 942 | _cBK | ||
| 999 |
_c57365 _d57365 |
||